<?xml version="1.0" encoding="UTF-8"?>
<record
    xmlns:xsi="http://www.w3.org/2001/XMLSchema-instance"
    xsi:schemaLocation="http://www.loc.gov/MARC21/slim http://www.loc.gov/standards/marcxml/schema/MARC21slim.xsd"
    xmlns="http://www.loc.gov/MARC21/slim">

  <leader>02120agaaa2200313   4500</leader>
  <controlfield tag="001">0696</controlfield>
  <controlfield tag="003">IT-RoPAU</controlfield>
  <controlfield tag="005">20220918181233.0</controlfield>
  <controlfield tag="007">d cvaizq</controlfield>
  <controlfield tag="008">50131s9999||||xx ||| |     ||   ||und||</controlfield>
  <datafield tag="040" ind1=" " ind2=" ">
    <subfield code="a">IT-RoPAU</subfield>
    <subfield code="c">IT-RoPAU</subfield>
  </datafield>
  <datafield tag="041" ind1=" " ind2=" ">
    <subfield code="a">ITALIANO </subfield>
  </datafield>
  <datafield tag="100" ind1=" " ind2=" ">
    <subfield code="a">Duguay Christian</subfield>
    <subfield code="g">Codice regista SPICS: 58007</subfield>
    <subfield code="9">41804</subfield>
  </datafield>
  <datafield tag="130" ind1=" " ind2=" ">
    <subfield code="a">SOTTO IL CIELO DI ROMA. PIO XII </subfield>
    <subfield code="9">41805</subfield>
  </datafield>
  <datafield tag="245" ind1=" " ind2=" ">
    <subfield code="a">SOTTO IL CIELO DI ROMA. PIO XII </subfield>
    <subfield code="c">Prodotto da: Bernabei Luca -- Sceneggiatura: Bettelli Fabrizio Arlanch Francesco -- Diretto da: Duguay Christian</subfield>
    <subfield code="p">SOTTO IL CIELO DI ROMA. PIO XII (Rif. Codice opera principale : K0696)</subfield>
  </datafield>
  <datafield tag="250" ind1=" " ind2=" ">
    <subfield code="a">Edizione Standard</subfield>
  </datafield>
  <datafield tag="260" ind1=" " ind2=" ">
    <subfield code="a">(ITALIA - GERMANIA)</subfield>
    <subfield code="b">RAI FICTION - LUX VIDE - EOS INTERT. - RAI TR / Distribuzione: MULTIMEDIA SAN PAOLO</subfield>
    <subfield code="g">"2010 (1&#xB0; ed.: 2011 ; Ed. Lingua Orig.: 2010)"</subfield>
  </datafield>
  <datafield tag="300" ind1=" " ind2=" ">
    <subfield code="a">DVD</subfield>
    <subfield code="b">sonoro, col.</subfield>
    <subfield code="c">200 minuti</subfield>
  </datafield>
  <datafield tag="508" ind1=" " ind2=" ">
    <subfield code="a">"Fotografia: Lucci Fabrizio ; Montaggio: Yardley D. Fanfani L; Musica: Guerra Andrea; Sceneggiatura: Bettelli Fabrizio Arlanch Francesco ; Scenografia: Cosulich Sergio ; "</subfield>
  </datafield>
  <datafield tag="511" ind1=" " ind2=" ">
    <subfield code="a">"Mastronardi Alessandra; Foschi Marco; Herz-Kestranek Miguel; Bassi Ettore; Cromwell "</subfield>
  </datafield>
  <datafield tag="520" ind1=" " ind2=" ">
    <subfield code="a">A ROMA, DURANTE L'OCCUPAZIONE NAZISTA, S'INTRECCIANO LA STORIA DEL MANCATO SEQUESTRO DEL PAPA, PIO XII, CHE REAGISCE ALLE DEPORTAZIONI CON UNA DISCUSSA NEUTRALITA', CON LE VICENDE DI TRE RAGAZZI, TRA CUI MIRIAM, UN'EBREA CHE PER SFUGGIRE ALLA CATTURA DECIDE DI TRAVESTIRSI DA SUORA E NASCONDERSI IN UN CONVENTO. MARCO , SUO AMICO UNIVERSITARIO CHE SCEGLIE DI SCHIERARSI E SCENDERE IN STRADA CON I PARTIGIANI, E DAVIDE, CHE TIRA AVANTI CON IL MERCATO NERO, MA E' BUONO E ONESTO... PROGRAMMA TV PROPOSTO NEL MESE DI DICEMBRE 2010 DA RAIUNO. </subfield>
  </datafield>
  <datafield tag="538" ind1=" " ind2=" ">
    <subfield code="a">PAL, STEREO</subfield>
  </datafield>
  <datafield tag="546" ind1=" " ind2=" ">
    <subfield code="a">ITALIANO </subfield>
  </datafield>
  <datafield tag="650" ind1=" " ind2=" ">
    <subfield code="a">BIOGRAFICO - GUERRA</subfield>
    <subfield code="e">DVD-FILM [DVD]</subfield>
    <subfield code="x">Codice MATERIA SPICS: 9947</subfield>
    <subfield code="9">41806</subfield>
  </datafield>
  <datafield tag="700" ind1=" " ind2=" ">
    <subfield code="a">Bettelli Fabrizio </subfield>
    <subfield code="e">(soggetto)</subfield>
    <subfield code="g">Codice Soggetto SPICS: 21592</subfield>
    <subfield code="9">41807</subfield>
  </datafield>
  <datafield tag="700" ind1=" " ind2=" ">
    <subfield code="a">Duguay Christian </subfield>
    <subfield code="e">(regista)</subfield>
    <subfield code="g">Codice regista SPICS: 58007</subfield>
    <subfield code="9">41808</subfield>
  </datafield>
  <datafield tag="700" ind1=" " ind2=" ">
    <subfield code="a">Guerra Andrea</subfield>
    <subfield code="e">(musica)</subfield>
    <subfield code="g">Codice Musica SPICS: 57998</subfield>
    <subfield code="9">41809</subfield>
  </datafield>
  <datafield tag="942" ind1=" " ind2=" ">
    <subfield code="c">DV</subfield>
    <subfield code="2">ddc</subfield>
  </datafield>
  <datafield tag="999" ind1=" " ind2=" ">
    <subfield code="c">105506</subfield>
    <subfield code="d">105506</subfield>
  </datafield>
  <datafield tag="952" ind1=" " ind2=" ">
    <subfield code="0">0</subfield>
    <subfield code="1">0</subfield>
    <subfield code="4">0</subfield>
    <subfield code="6">K_0696_000000000000000</subfield>
    <subfield code="7">1</subfield>
    <subfield code="a">SPICS</subfield>
    <subfield code="b">SPICS</subfield>
    <subfield code="d">2015-01-31</subfield>
    <subfield code="l">0</subfield>
    <subfield code="o">K0696</subfield>
    <subfield code="r">2015-01-31 00:00:00</subfield>
    <subfield code="w">2015-01-31</subfield>
    <subfield code="y">DV</subfield>
    <subfield code="z">Progr. Ins.: 3958 / N.Vol.:1 / Copie: 1 / Pag.:0 / Copia rara: n.d. / date import: 1.2.2015 / By Epidotti, Trombetti, Vaglietti</subfield>
  </datafield>
</record>
